[Event "1st FIDE OWCCCC Pools-East 2021"]
[Site "Online"]
[Date "2021.02.20"]
[Round "6.50"]
[White "Suri Devender Singh"]
[Black "Yarwood, Benjamin"]
[Result "1-0"]
[WhiteElo "2117"]
[BlackElo "1382"]
[Annotator "NA"]
[PlyCount "123"]
[EventDate "2021.02.19"]
[EventType "team-tourn"]
[EventCountry "NET"]
[SourceTitle "playchess.com"]
[Source "ChessBase"]
[SourceQuality "1"]

1. e3 c5 2. Nf3 d6 3. d4 cxd4 4. exd4 e6 5. c4 Nf6 6. Nc3 Be7 7. Bd3 Bd7 8. O-O Bc6 9. Re1 O-O 10. Qe2 Re8 11. Bg5 Na6 12. Rad1 Nb4 13. Bb1 Rb8 14. a3 Na6 15. Qd3 g6 16. b4 Nc7 17. b5 Bxf3 18. Qxf3 Nh5 19. Bxe7 Qxe7 20. a4 Qf6 21. Qxf6 Nxf6 22. f3 Nd7 23. Ne4 d5 24. Nd6 Rf8 25. c5 Ne8 26. Nxe8 Rfxe8 27. f4 Nf6 28. h3 Kg7 29. g4 Ng8 30. Kf2 Nf6 31. Kf3 Ng8 32. g5 Ne7 33. h4 Nf5 34. Bxf5 exf5 35. Re5 Rxe5 36. dxe5 Rd8 37. Ke3 h6 38. Kd4 h5 39. c6 bxc6 40. bxc6 Kf8 41. Kc5 Ke7 42. Rxd5 Rxd5+ 43. Kxd5 Kd8 44. e6 fxe6+ 45. Kxe6 Kc7 46. Kf6 Kxc6 47. Kxg6 Kd7 48. Kxf5 Ke7 49. g6 Kf8 50. Kg5 Kg7 51. f5 a5 52. f6+ Kg8 53. Kxh5 Kh8 54. Kg5 Kg8 55. h5 Kh8 56. h6 Kg8 57. Kf5 Kh8 58. Ke6 Kg8 59. Ke7 Kh8 60. Ke8 Kg8 61. f7+ Kh8 62. f8=R# 1-0

[Event "1st FIDE OWCCCC Pools-East 2021"]
[Site "Online"]
[Date "2021.02.20"]
[Round "6.50"]
[White "Pal, Shashank"]
[Black "Levitan, Julia"]
[Result "0-1"]
[WhiteElo "1624"]
[BlackElo "1727"]
[Annotator "NA"]
[PlyCount "84"]
[EventDate "2021.02.19"]
[EventType "team-tourn"]
[EventCountry "NET"]
[SourceTitle "playchess.com"]
[Source "ChessBase"]
[SourceQuality "1"]

1. c4 e6 2. g3 d5 3. cxd5 exd5 4. e3 Nf6 5. Nc3 c6 6. Bg2 Bd6 7. Nge2 Bf5 8. O-O Nbd7 9. d4 O-O 10. h3 Qc7 11. a3 h6 12. Bd2 Rfe8 13. Rc1 Qd8 14. g4 Bh7 15. f4 Ne4 16. f5 Ndf6 17. Nxe4 Nxe4 18. Bxe4 Rxe4 19. Nc3 Re8 20. Qf3 f6 21. e4 dxe4 22. Nxe4 Bc7 23. Bc3 Qd5 24. Nc5 Qd6 25. Qf2 Re3 26. Rfe1 Rxh3 27. Ne6 Rg3+ 28. Kf1 Rxg4 29. Nxc7 Rf4 30. Nxa8 Rxf2+ 31. Kxf2 Qh2+ 32. Ke3 Bxf5 33. Rh1 Qg3+ 34. Ke2 Be4 35. Rhg1 Qf3+ 36. Kd2 Qd3+ 37. Ke1 Bf3 38. Kf2 Qe2+ 39. Kg3 Qe3 40. Kh2 Qf2+ 41. Kh3 g5 42. Rcf1 Qh4# 0-1

[Event "1st FIDE OWCCCC Pools-East 2021"]
[Site "Online"]
[Date "2021.02.20"]
[Round "6.50"]
[White "Shashi Nand Kumar"]
[Black "Kouchnarev Roggero, Matteo"]
[Result "0-1"]
[WhiteElo "1571"]
[BlackElo "1655"]
[Annotator "NA"]
[PlyCount "108"]
[EventDate "2021.02.19"]
[EventType "team-tourn"]
[EventCountry "NET"]
[SourceTitle "playchess.com"]
[Source "ChessBase"]
[SourceQuality "1"]

1. d4 Nf6 2. c4 c5 3. Nf3 cxd4 4. Nxd4 Nc6 5. e3 g6 6. Be2 Bg7 7. O-O O-O 8. Nc3 d6 9. a3 Bd7 10. b4 Rc8 11. Nf3 Ne4 12. Nxe4 Bxa1 13. Bd2 Bg7 14. Bd3 Bg4 15. Qc2 Bxf3 16. gxf3 Ne5 17. Be2 d5 18. Nc5 b6 19. Nb3 Nxc4 20. Bxc4 Rxc4 21. Qd3 Rh4 22. Kh1 Qd6 23. f4 e5 24. Rg1 exf4 25. exf4 d4 26. Qg3 Rh5 27. Qd3 Qd5+ 28. Rg2 Rh4 29. Qg3 Bf6 30. Nc1 h5 31. Nd3 Rg4 32. Qh3 Rxg2 33. Qxg2 Qxg2+ 34. Kxg2 Rc8 35. Kf3 Rc2 36. Ke2 Ra2 37. Ne5 Bxe5 38. fxe5 Rxa3 39. f4 Rh3 40. Be1 Rxh2+ 41. Kd3 Rh1 42. Bf2 Rf1 43. Bxd4 Rxf4 44. Kc4 h4 45. Kd5 h3 46. Bg1 Rg4 47. Be3 h2 48. e6 fxe6+ 49. Kxe6 h1=Q 50. Bf4 Rxf4 51. b5 Qe4+ 52. Kd6 Rf6+ 53. Kc7 Qe7+ 54. Kb8 Rf8# 0-1

[Event "1st FIDE OWCCCC Pools-East 2021"]
[Site "Online"]
[Date "2021.02.20"]
[Round "6.50"]
[White "Shrivastava Aditi"]
[Black "Shrivastava, Amitesh"]
[Result "1-0"]
[WhiteElo "1449"]
[BlackElo "1376"]
[Annotator "NA"]
[PlyCount "35"]
[EventDate "2021.02.19"]
[EventType "team-tourn"]
[EventCountry "NET"]
[SourceTitle "playchess.com"]
[Source "ChessBase"]
[SourceQuality "1"]

1. e4 e5 2. Nf3 Nc6 3. Bb5 Nf6 4. O-O a6 5. Ba4 b5 6. Bb3 Bc5 7. c3 d6 8. d4 exd4 9. cxd4 Bb4 10. Bg5 h6 11. Bh4 g5 12. Nxg5 hxg5 13. Bxg5 Rg8 14. f4 Qe7 15. Kh1 Nxe4 16. Bxe7 Kxe7 17. Bd5 Bg4 18. Qc1 1-0

[Event "1st FIDE OWCCCC Pools-East 2021"]
[Site "Online"]
[Date "2021.02.20"]
[Round "6.50"]
[White "Sahoo Ratnakar"]
[Black "Ak, Emir Arda"]
[Result "1-0"]
[WhiteElo "1044"]
[BlackElo "1340"]
[Annotator "NA"]
[PlyCount "161"]
[EventDate "2021.02.19"]
[EventType "team-tourn"]
[EventCountry "NET"]
[SourceTitle "playchess.com"]
[Source "ChessBase"]
[SourceQuality "1"]

1. e4 c5 2. Nf3 g6 3. Bc4 e6 4. c3 d5 5. exd5 exd5 6. Bb3 Bg7 7. O-O Ne7 8. h3 O-O 9. d4 c4 10. Bc2 Nbc6 11. b3 Bf5 12. bxc4 Bxc2 13. Qxc2 dxc4 14. Ba3 Re8 15. Nbd2 b5 16. Ne4 Nf5 17. Rad1 Qc7 18. d5 Ne5 19. Nxe5 Qxe5 20. d6 Qxe4 21. Qxe4 Rxe4 22. d7 Rd8 23. g4 Nh4 24. Bc5 Bf6 25. Bxa7 Ra8 26. Bb6 Rb8 27. d8=Q+ Bxd8 28. Rxd8+ Rxd8 29. Bxd8 Nf3+ 30. Kg2 Nd2 31. Rd1 Re2 32. Bf6 Kf8 33. Bd4 Ke7 34. Be3 Ne4 35. Kf3 Rxa2 36. Kxe4 Ke6 37. Kd4 Ra5 38. Re1 Kd6 39. Bf4+ Kd7 40. Kc5 Ra3 41. Be5 Rb3 42. Bd4 Kd8 43. f4 Kd7 44. f5 Kd8 45. fxg6 hxg6 46. h4 Rb2 47. h5 gxh5 48. gxh5 Rh2 49. Re5 Kd7 50. Kxb5 Kd6 51. Kxc4 f6 52. Rf5 Ke6 53. Rxf6+ Ke7 54. Rf5 Ke6 55. Rf6+ Ke7 56. h6 Rh4 57. Ra6 Kf7 58. Ra7+ Kg8 59. h7+ Rxh7 60. Rxh7 Kxh7 61. Kc5 Kg8 62. Kc6 Kf8 63. Kd7 Kf7 64. c4 Kf8 65. c5 Kf7 66. c6 Kf8 67. c7 Kf7 68. c8=Q Kg6 69. Qf8 Kg5 70. Qf6+ Kh5 71. Be3 Kg4 72. Qg5+ Kf3 73. Kd6 Ke4 74. Qe5+ Kd3 75. Kd5 Ke2 76. Bc5+ Kd3 77. Qe3+ Kc2 78. Kc4 Kd1 79. Bd4 Kc2 80. Qe2+ Kb1 81. Qb2# 1-0

[Event "1st FIDE OWCCCC Pools-East 2021"]
[Site "Online"]
[Date "2021.02.20"]
[Round "6.51"]
[White "Suchkov, Anton"]
[Black "Babu, Rajesh"]
[Result "1-0"]
[WhiteElo "1774"]
[BlackElo "1211"]
[Annotator "NA"]
[PlyCount "37"]
[EventDate "2021.02.19"]
[EventType "team-tourn"]
[EventCountry "NET"]
[SourceTitle "playchess.com"]
[Source "ChessBase"]
[SourceQuality "1"]

1. e4 e5 2. f4 exf4 3. Nf3 Nf6 4. Nc3 Bc5 5. Bc4 O-O 6. d4 Bb6 7. O-O d6 8. Bxf4 Bg4 9. h3 Bxf3 10. Qxf3 Nc6 11. Kh1 Nxd4 12. Qd3 h6 13. e5 dxe5 14. Bxe5 Nc6 15. Bxf6 gxf6 16. Qg6+ Kh8 17. Qxh6+ Kg8 18. Rf5 Ne5 19. Rh5 1-0

[Event "1st FIDE OWCCCC Pools-East 2021"]
[Site "Online"]
[Date "2021.02.20"]
[Round "6.51"]
[White "Stein, Michael"]
[Black "Goyal, Shitij"]
[Result "1-0"]
[WhiteElo "1577"]
[BlackElo "1488"]
[Annotator "NA"]
[PlyCount "99"]
[EventDate "2021.02.19"]
[EventType "team-tourn"]
[EventCountry "NET"]
[SourceTitle "playchess.com"]
[Source "ChessBase"]
[SourceQuality "1"]

1. e4 c5 2. d4 cxd4 3. c3 dxc3 4. Nxc3 Nc6 5. Bc4 d6 6. Nf3 g6 7. O-O Bg7 8. Bd2 Nf6 9. Re1 O-O 10. Rc1 e6 11. Bg5 Qb6 12. b3 Rd8 13. Qe2 Nd4 14. Nxd4 Qxd4 15. Qf3 h6 16. Red1 Qe5 17. Bf4 Qc5 18. Nb5 Qc6 19. Nxd6 Qb6 20. Nxc8 Rxd1+ 21. Rxd1 Rxc8 22. Qe3 Qxe3 23. Bxe3 Nxe4 24. Bxa7 Ra8 25. Be3 Rxa2 26. h3 Nc3 27. Rd7 Kh7 28. Rxb7 Kg8 29. Rc7 Ra8 30. g3 Rd8 31. b4 Nd5 32. Bxd5 exd5 33. b5 d4 34. Bd2 Rb8 35. Rc5 f5 36. Kf1 Kf7 37. Ke2 Ke6 38. Kd3 Kd6 39. Bb4 Ke6 40. Kc4 Bf8 41. Rc6+ Ke5 42. Bxf8 Rxf8 43. b6 Rb8 44. Rxg6 Ke4 45. Rxh6 d3 46. Rd6 Kf3 47. Rxd3+ Kxf2 48. Kc5 Rc8+ 49. Kb5 Re8 50. b7 1-0

[Event "1st FIDE OWCCCC Pools-East 2021"]
[Site "Online"]
[Date "2021.02.20"]
[Round "6.51"]
[White "Pugh, Kristian"]
[Black "Dhankher, Rajesh"]
[Result "0-1"]
[WhiteElo "1330"]
[BlackElo "1496"]
[Annotator "NA"]
[PlyCount "84"]
[EventDate "2021.02.19"]
[EventType "team-tourn"]
[EventCountry "NET"]
[SourceTitle "playchess.com"]
[Source "ChessBase"]
[SourceQuality "1"]

1. e4 c5 2. Nf3 Nc6 3. c3 e5 4. d4 cxd4 5. cxd4 exd4 6. Nxd4 Nf6 7. Nc3 Qa5 8. Nxc6 bxc6 9. Bd2 Qe5 10. Bd3 d5 11. Qe2 d4 12. Nd1 Bd6 13. f4 Bg4 14. fxe5 Bxe2 15. exf6 Bxd3 16. fxg7 Rg8 17. Nf2 Bb5 18. Bh6 Be5 19. O-O-O O-O-O 20. Nd3 Bxg7 21. Bxg7 Rxg7 22. g3 Rg4 23. Rhe1 Re8 24. Nc5 Kc7 25. b3 Kd6 26. a4 Kxc5 27. axb5 cxb5 28. Kb2 Rexe4 29. Rxe4 Rxe4 30. Rc1+ Kb4 31. Rc7 Re2+ 32. Kc1 a5 33. Rxf7 Rxh2 34. Rf4 Kc3 35. Rf3+ d3 36. Kb1 Rh1+ 37. Ka2 b4 38. g4 Rh2+ 39. Ka1 a4 40. bxa4 b3 41. a5 Rh1+ 42. Rf1 Rxf1# 0-1

[Event "1st FIDE OWCCCC Pools-East 2021"]
[Site "Online"]
[Date "2021.02.20"]
[Round "6.51"]
[White "An, Paolo Stephen"]
[Black "Majumdar, Ankush"]
[Result "0-1"]
[WhiteElo "1235"]
[BlackElo "2037"]
[Annotator "NA"]
[PlyCount "84"]
[EventDate "2021.02.19"]
[EventType "team-tourn"]
[EventCountry "NET"]
[SourceTitle "playchess.com"]
[Source "ChessBase"]
[SourceQuality "1"]

1. d4 Nf6 2. Bf4 d5 3. Nf3 c5 4. e3 Qb6 5. b3 Bf5 6. c4 dxc4 7. Bxc4 cxd4 8. Nxd4 Bg6 9. O-O Nbd7 10. Bb5 a6 11. Bxd7+ Nxd7 12. Nd2 Rc8 13. Bg3 e6 14. Rc1 Bc5 15. f4 O-O 16. f5 exf5 17. Nxf5 Bxe3+ 18. Kh1 Bxf5 19. Rxf5 Nf6 20. Nc4 Qe6 21. Nxe3 Qxe3 22. Re5 Qxc1 23. Re1 Qxd1 24. Rxd1 Rfd8 25. Re1 Re8 26. Rd1 Ne4 27. Kg1 Nxg3 28. hxg3 Kf8 29. Rd7 Re7 30. Rd6 Rc2 31. a4 g6 32. Rd8+ Kg7 33. Rd6 Ree2 34. Rd1 Rxg2+ 35. Kf1 Rxg3 36. b4 h5 37. b5 h4 38. bxa6 bxa6 39. a5 h3 40. Rd4 Ra3 41. Rd1 h2 42. Rc1 h1=Q# 0-1

[Event "1st FIDE OWCCCC Pools-East 2021"]
[Site "Online"]
[Date "2021.02.20"]
[Round "6.52"]
[White "rish"]
[Black "Marchenko, Alexey"]
[Result "1-0"]
[WhiteElo "1423"]
[BlackElo "2119"]
[Annotator "NA"]
[PlyCount "107"]
[EventDate "2021.02.19"]
[EventType "team-tourn"]
[EventCountry "NET"]
[SourceTitle "playchess.com"]
[Source "ChessBase"]
[SourceQuality "1"]

1. d4 Nf6 2. Bf4 d5 3. e3 Nc6 4. Nf3 Bf5 5. c3 e6 6. Bd3 Ne4 7. Qc2 Bd6 8. Bg3 a6 9. Nbd2 Qe7 10. Nxe4 dxe4 11. Bxe4 g6 12. Bxf5 exf5 13. O-O Bxg3 14. hxg3 O-O-O 15. a4 h5 16. b4 Qe6 17. Rfe1 f6 18. b5 axb5 19. axb5 Ne7 20. Ra8+ Kd7 21. Rxd8+ Kxd8 22. Ra1 Kd7 23. Qa4 Nc8 24. b6+ Kd8 25. bxc7+ Kxc7 26. c4 Nb6 27. Qa5 Qxc4 28. Qa3 Ra8 29. Qe7+ Kc6 30. Qxf6+ Kc7 31. Qe7+ Kb8 32. Rxa8+ Kxa8 33. Qe8+ Ka7 34. Qxg6 Nd5 35. Qxf5 Qc1+ 36. Kh2 Qf1 37. Qxd5 Qxf2 38. Qa5+ Kb8 39. Ne5 h4 40. Nd7+ Kc8 41. Nb6+ Kd8 42. Qd5+ Ke7 43. Qxb7+ Ke6 44. Qe4+ Kf6 45. Qxh4+ Kf5 46. Qf4+ Qxf4 47. gxf4 Ke4 48. Nc4 Kd5 49. f5 Kxc4 50. f6 Kd3 51. f7 Kxe3 52. f8=Q Kxd4 53. g4 Ke4 54. g5 1-0

[Event "1st FIDE OWCCCC Pools-East 2021"]
[Site "Online"]
[Date "2021.02.20"]
[Round "6.52"]
[White "Kadwekar, Shraddha"]
[Black "Tarasov, Sergey Ivan"]
[Result "0-1"]
[WhiteElo "1105"]
[BlackElo "2104"]
[Annotator "NA"]
[PlyCount "48"]
[EventDate "2021.02.19"]
[EventType "team-tourn"]
[EventCountry "NET"]
[SourceTitle "playchess.com"]
[Source "ChessBase"]
[SourceQuality "1"]

1. d4 d5 2. c4 Nf6 3. Nc3 Bf5 4. e3 e6 5. Qb3 b6 6. Nf3 c5 7. Ne5 Nbd7 8. cxd5 Nxe5 9. dxe5 Nxd5 10. Bb5+ Ke7 11. Nxd5+ exd5 12. Bc6 c4 13. Qc3 Rc8 14. Bxd5 Qxd5 15. O-O Bd3 16. Rd1 Ke6 17. b3 b5 18. Bb2 Bc5 19. Qa5 Bb6 20. Qd2 Rhd8 21. bxc4 bxc4 22. a4 Ba5 23. Bc3 Rc5 24. Bxa5 Rxa5 0-1

[Event "1st FIDE OWCCCC Pools-East 2021"]
[Site "Online"]
[Date "2021.02.20"]
[Round "6.52"]
[White "Navnidhi Dhankar"]
[Black "Zajaczkowski, Nathalie"]
[Result "1-0"]
[WhiteElo "1066"]
[BlackElo "636"]
[Annotator "NA"]
[PlyCount "63"]
[EventDate "2021.02.19"]
[EventType "team-tourn"]
[EventCountry "NET"]
[SourceTitle "playchess.com"]
[Source "ChessBase"]
[SourceQuality "1"]

1. d4 e6 2. Nf3 Nc6 3. Bf4 Nf6 4. Nc3 Bd6 5. Bg5 O-O 6. d5 exd5 7. Nxd5 Qe8 8. Bxf6 gxf6 9. Nxf6+ Kg7 10. Nxe8+ Rxe8 11. e3 Bb4+ 12. c3 Bc5 13. Ng5 f6 14. Nxh7 Kxh7 15. Qh5+ Kg7 16. Qxe8 Ne5 17. h4 d5 18. h5 Kh6 19. Qh8+ Kg5 20. f4+ Kf5 21. fxe5 fxe5 22. Qh7+ Ke6 23. Be2 Bxe3 24. Qg6+ Ke7 25. h6 Bd7 26. h7 c5 27. h8=Q Rxh8 28. Rxh8 Be8 29. Qxe8+ Kd6 30. Qg6+ Kc7 31. Rh7+ Kb8 32. Qe8# 1-0

[Event "1st FIDE OWCCCC Pools-East 2021"]
[Site "Online"]
[Date "2021.02.20"]
[Round "6.52"]
[White "Pattnaik, Aditi Upasana"]
[Black "spike"]
[Result "1-0"]
[WhiteElo "1065"]
[BlackElo "1137"]
[Annotator "NA"]
[PlyCount "139"]
[EventDate "2021.02.19"]
[EventType "team-tourn"]
[EventCountry "NET"]
[SourceTitle "playchess.com"]
[Source "ChessBase"]
[SourceQuality "1"]

1. e4 c5 2. Nf3 Nc6 3. Bc4 e6 4. c3 d5 5. exd5 exd5 6. Bb5 Bd7 7. d4 cxd4 8. cxd4 a6 9. Bxc6 Bxc6 10. Nc3 Nf6 11. Be3 Bb4 12. O-O O-O 13. h3 h6 14. Rc1 Re8 15. a3 Ba5 16. Re1 Ne4 17. Qc2 Nxc3 18. bxc3 Qd7 19. Ne5 Qc7 20. Nxc6 bxc6 21. Qf5 Qc8 22. Qxc8 Raxc8 23. Bd2 Rxe1+ 24. Rxe1 c5 25. Re5 cxd4 26. cxd4 Bxd2 27. Rxd5 Bf4 28. g3 Bc1 29. a4 Rc4 30. a5 Ra4 31. Rd8+ Kh7 32. d5 Rxa5 33. d6 Rd5 34. d7 Bg5 35. Ra8 a5 36. h4 Bf6 37. Kg2 Bc3 38. d8=Q Rxd8 39. Rxd8 a4 40. Ra8 g5 41. hxg5 hxg5 42. Rxa4 Kg6 43. Kf3 f5 44. g4 fxg4+ 45. Kxg4 Be1 46. f3 Bd2 47. Ra6+ Kf7 48. Kf5 Kg7 49. Rg6+ Kf7 50. Rxg5 Bxg5 51. Kxg5 Ke6 52. f4 Ke7 53. f5 Kf7 54. f6 Ke6 55. Kg6 Kd7 56. f7 Ke7 57. Kg7 Kd8 58. f8=Q+ Kd7 59. Qf6 Ke8 60. Qf7+ Kd8 61. Qe6 Kc7 62. Qd5 Kc8 63. Kf7 Kc7 64. Ke7 Kc8 65. Qd7+ Kb8 66. Qc6 Ka7 67. Qb5 Ka8 68. Kd7 Ka7 69. Kc7 Ka8 70. Qb7# 1-0

[Event "1st FIDE OWCCCC Pools-East 2021"]
[Site "Online"]
[Date "2021.02.20"]
[Round "6.52"]
[White "Ravi Shrivastava"]
[Black "Sartenaer, Laura"]
[Result "1-0"]
[WhiteElo "1035"]
[BlackElo "1168"]
[Annotator "NA"]
[PlyCount "51"]
[EventDate "2021.02.19"]
[EventType "team-tourn"]
[EventCountry "NET"]
[SourceTitle "playchess.com"]
[Source "ChessBase"]
[SourceQuality "1"]

1. e4 c5 2. Nf3 d6 3. Bc4 Nc6 4. d4 cxd4 5. Bb5 Bd7 6. Nxd4 Nxd4 7. Bxd7+ Qxd7 8. Qxd4 Nf6 9. O-O Qg4 10. Nc3 g6 11. f3 Qd7 12. Nd5 Bg7 13. Rd1 O-O 14. e5 Nxd5 15. Qxd5 Qf5 16. Rd3 Bxe5 17. Bh6 Rfc8 18. Rc1 Bxb2 19. Qxf5 gxf5 20. Re1 Rxc2 21. Rxe7 Rb8 22. h3 Ba3 23. Kh2 Bc5 24. Rb3 Rxa2 25. Rbxb7 Rxb7 26. Re8# 1-0

[Event "1st FIDE OWCCCC Pools-East 2021"]
[Site "Online"]
[Date "2021.02.20"]
[Round "6.53"]
[White "Antoniewski, Rafal"]
[Black "Kirszenberg, Marc"]
[Result "0-1"]
[WhiteElo "2493"]
[BlackElo "2130"]
[Annotator "ChessBase"]
[PlyCount "50"]
[EventDate "2021.02.19"]
[EventType "team-tourn"]
[EventCountry "NET"]
[SourceTitle "playchess.com"]
[Source "ChessBase"]
[SourceQuality "1"]

1. e4 d5 2. exd5 Nf6 3. c4 c6 4. dxc6 Nxc6 5. Nc3 e5 6. b3 Bf5 7. Bb2 Nb4 8. Rc1 Nd3+ 9. Bxd3 Bxd3 10. Nge2 Bc5 11. O-O a6 12. Na4 Ba7 13. Bxe5 O-O 14. Bxf6 Qxf6 15. Nac3 Rfe8 16. Nd5 Qe5 17. Ne3 f5 18. Rc3 Rad8 19. Rxd3 Rxd3 20. Qc2 Red8 21. Rd1 f4 22. Nc1 fxe3 23. Nxd3 exf2+ 24. Nxf2 Qe2 25. Qf5 Qxd1# 0-1

[Event "1st FIDE OWCCCC Pools-East 2021"]
[Site "Online"]
[Date "2021.02.20"]
[Round "6.53"]
[White "Simpson, David R"]
[Black "Franco Gomez, Fernando"]
[Result "1-0"]
[WhiteElo "1642"]
[BlackElo "1640"]
[Annotator "NA"]
[PlyCount "119"]
[EventDate "2021.02.19"]
[EventType "team-tourn"]
[EventCountry "NET"]
[SourceTitle "playchess.com"]
[Source "ChessBase"]
[SourceQuality "1"]

1. e4 c5 2. Nf3 d6 3. c3 Nf6 4. d3 Nc6 5. Be3 e5 6. Nbd2 Be7 7. h3 O-O 8. Be2 d5 9. exd5 Nxd5 10. O-O b6 11. Ne4 f5 12. Ned2 f4 13. Bxc5 bxc5 14. Nc4 Bf6 15. Qa4 Bd7 16. Qc2 Kh8 17. Rfe1 Qc7 18. Kh2 Rae8 19. Ncd2 Bf5 20. Qb3 Nde7 21. Rad1 g5 22. Nc4 Ng6 23. Nfd2 Rd8 24. Nf1 Qc8 25. a3 g4 26. Qb5 gxh3 27. g3 fxg3+ 28. Nxg3 Bd7 29. Qxc5 Nf4 30. Bf3 Ne7 31. Qxc8 Bxc8 32. Nxe5 Bxe5 33. Rxe5 Nxd3 34. Rxe7 Rxf3 35. Rf1 Rxf2+ 36. Rxf2 Nxf2 37. Nh5 Ng4+ 38. Kg3 Nh6 39. Kf4 Rf8+ 40. Kg5 Nf7+ 41. Kh4 h2 42. Re1 Bb7 43. Ng3 Nh6 44. Kh3 h1=Q+ 45. Nxh1 Bxh1 46. Rxh1 Rf2 47. Kg3 Rf6 48. c4 Nf7 49. b4 Nd6 50. c5 Nb5 51. a4 Nc3 52. b5 Nxa4 53. c6 Nb6 54. Re1 Rf8 55. Kg4 Kg7 56. Kg5 Rd8 57. Re7+ Kf8 58. Rxh7 Rd5+ 59. Kf6 Rxb5 60. Rh8# 1-0

[Event "1st FIDE OWCCCC Pools-East 2021"]
[Site "Online"]
[Date "2021.02.20"]
[Round "6.53"]
[White "trijeetxK"]
[Black "De Oliveira, Bernardo Lino"]
[Result "1/2-1/2"]
[WhiteElo "1363"]
[BlackElo "2100"]
[Annotator "NA"]
[PlyCount "167"]
[EventDate "2021.02.19"]
[EventType "team-tourn"]
[EventCountry "NET"]
[SourceTitle "playchess.com"]
[Source "ChessBase"]
[SourceQuality "1"]

1. e4 c5 2. Nf3 d6 3. d4 cxd4 4. Nxd4 Nf6 5. Nc3 a6 6. Be3 e5 7. Nf3 Be6 8. Bd3 Be7 9. O-O O-O 10. h3 Qc7 11. Ng5 Nbd7 12. Nxe6 fxe6 13. Bg5 d5 14. Bxf6 Nxf6 15. exd5 exd5 16. Bf5 Rad8 17. Qf3 Bb4 18. Be6+ Kh8 19. Nxd5 Nxd5 20. Bxd5 Rxf3 21. Bxf3 Qxc2 22. Bxb7 a5 23. b3 Rd2 24. Rac1 Bc5 25. Rxc2 Rxc2 26. a4 g6 27. Bd5 Kg7 28. g4 g5 29. Kg2 Kf6 30. Kf3 Rc3+ 31. Ke4 Rxh3 32. f3 Rh2 33. Rc1 Re2+ 34. Kd3 Re3+ 35. Kc4 Bb4 36. Kb5 Rd3 37. Kc4 Rd2 38. Be4 Ke7 39. Bxh7 Kd6 40. Be4 Rb2 41. Rd1+ Bd2 42. Rh1 Bf4 43. Rh6+ Kc7 44. Ra6 Bd2 45. Rc6+ Kd7 46. Rc5 Ke6 47. Bd5+ Kd7 48. Kd3 Bb4 49. Rb5 Kd6 50. Ke4 Re2+ 51. Kf5 Bd2 52. Bc4 Re3 53. Bd5 Rd3 54. Be4 Rd4 55. Rb6+ Kc7 56. Rc6+ Kd7 57. Rc5 Kd6 58. Rxe5 Rb4 59. Rd5+ Ke7 60. Rxd2 Rxb3 61. Rd4 Ra3 62. Kxg5 Ke6 63. Bf5+ Ke5 64. Re4+ Kd6 65. Rf4 Ke5 66. Be4 Rxa4 67. Rf5+ Ke6 68. Kg6 Ra1 69. g5 a4 70. Ra5 a3 71. Kg7 Rg1 72. Bd5+ Kd6 73. f4 Rf1 74. Bf7 Rf3 75. f5 a2 76. Bxa2 Rg3 77. g6 Ke7 78. Re5+ Kd6 79. Re6+ Kd7 80. f6 Rg2 81. Bc4 Rg4 82. Re7+ Kd8 83. Be6 Rxg6+ 84. Kxg6 1/2-1/2

[Event "1st FIDE OWCCCC Pools-East 2021"]
[Site "Online"]
[Date "2021.02.20"]
[Round "6.53"]
[White "Agrawal, Priyanka"]
[Black "Manish, Mehra"]
[Result "0-1"]
[WhiteElo "841"]
[BlackElo "2140"]
[Annotator "NA"]
[PlyCount "86"]
[EventDate "2021.02.19"]
[EventType "team-tourn"]
[EventCountry "NET"]
[SourceTitle "playchess.com"]
[Source "ChessBase"]
[SourceQuality "1"]

1. e4 c5 2. d3 e6 3. Nf3 Nc6 4. Be3 Nf6 5. Nc3 d5 6. exd5 exd5 7. Be2 d4 8. Nd5 Nxd5 9. Bd2 Be7 10. c4 dxc3 11. bxc3 O-O 12. O-O Bf6 13. Qb3 a6 14. c4 Ndb4 15. a3 Bxa1 16. axb4 Bd4 17. bxc5 Bxc5 18. Be3 Bxe3 19. fxe3 Bg4 20. h3 Bc8 21. d4 Qe7 22. d5 Ne5 23. Nxe5 Qxe5 24. Bf3 Rb8 25. c5 Bd7 26. Qd3 Bb5 27. Qd4 Qxd4 28. exd4 Bxf1 29. Kxf1 Rfe8 30. d6 a5 31. c6 bxc6 32. Bxc6 Red8 33. d7 Rb6 34. Bf3 Rxd7 35. Kf2 Rxd4 36. Kg3 a4 37. h4 a3 38. Kh3 a2 39. g3 a1=Q 40. g4 Qg1 41. h5 Rb3 42. Kh4 Rxf3 43. Kg5 Qxg4# 0-1

[Event "1st FIDE OWCCCC Pools-East 2021"]
[Site "Online"]
[Date "2021.02.20"]
[Round "6.53"]
[White "Rozenfeld, Eugene"]
[Black "van Ravensteijn, Antal"]
[Result "0-1"]
[WhiteElo "831"]
[BlackElo "2098"]
[Annotator "ChessBase"]
[PlyCount "134"]
[EventDate "2021.02.19"]
[EventType "team-tourn"]
[EventCountry "NET"]
[SourceTitle "playchess.com"]
[Source "ChessBase"]
[SourceQuality "1"]

1. e4 c5 2. Nf3 d6 3. c3 e6 4. d4 cxd4 5. cxd4 g6 6. Nc3 Bg7 7. Bb5+ Bd7 8. Bxd7+ Nxd7 9. O-O Ne7 10. Be3 a6 11. a4 Rc8 12. a5 O-O 13. Qd2 Re8 14. Rfc1 Nc6 15. Na4 Na7 16. Rxc8 Qxc8 17. Rc1 Qd8 18. Qb4 Nb5 19. Nc3 Nxc3 20. Rxc3 Nf6 21. Nd2 Re7 22. f3 d5 23. e5 Ne8 24. Nb3 f6 25. f4 fxe5 26. fxe5 Rf7 27. Nc5 Qh4 28. Rc1 Bxe5 29. h3 Qg3 30. dxe5 Qxe3+ 31. Kh2 Qxc1 32. Nxe6 Qc4 33. Qb6 Qe4 34. Nd8 Qxe5+ 35. Kg1 Qe1+ 36. Kh2 Qe5+ 37. Kg1 Qd6 38. Qxd6 Nxd6 39. Nxf7 Kxf7 40. Kf2 Ke6 41. Ke3 Ke5 42. g3 Nc4+ 43. Kd3 Nxb2+ 44. Kc3 Nc4 45. Kd3 Nxa5 46. Kc3 Nc4 47. h4 b5 48. g4 a5 49. h5 b4+ 50. Kb3 Nd2+ 51. Kc2 Nf3 52. hxg6 hxg6 53. Kd3 Kf4 54. g5 Nxg5 55. Kc2 Ne6 56. Kd3 g5 57. Kd2 g4 58. Ke2 d4 59. Kf2 a4 60. Ke2 Nc5 61. Kd2 a3 62. Kc2 g3 63. Kd2 g2 64. Kc2 g1=Q 65. Kd2 Qf2+ 66. Kc1 Nb3+ 67. Kb1 Qb2# 0-1

[Event "1st FIDE OWCCCC Pools-East 2021"]
[Site "Online"]
[Date "2021.02.20"]
[Round "6.54"]
[White "Arnold, Kiri"]
[Black "Wong, Alex"]
[Result "0-1"]
[WhiteElo "1727"]
[BlackElo "1648"]
[Annotator "NA"]
[PlyCount "64"]
[EventDate "2021.02.19"]
[EventType "team-tourn"]
[EventCountry "NET"]
[SourceTitle "playchess.com"]
[Source "ChessBase"]
[SourceQuality "1"]

1. e4 c5 2. Nc3 Nc6 3. Nf3 e6 4. d4 cxd4 5. Nxd4 Nf6 6. g3 Bb4 7. Bg2 O-O 8. O-O e5 9. Nb3 h6 10. Be3 d6 11. Qd3 Bxc3 12. Qxc3 Qe7 13. Rad1 Be6 14. h3 Rfd8 15. Kh2 Rac8 16. Qe1 b6 17. f4 Bxb3 18. axb3 exf4 19. Bxf4 Ne5 20. Qe2 Ng6 21. Rde1 Rc5 22. c3 a5 23. Qf3 Qe6 24. Bxh6 Ne5 25. Qf5 Neg4+ 26. hxg4 Rxf5 27. exf5 Nxg4+ 28. Kg1 Qxh6 29. Rf4 Qh2+ 30. Kf1 Qxg3 31. Rf3 Nh2+ 32. Kg1 Nxf3+ 0-1

[Event "1st FIDE OWCCCC Pools-East 2021"]
[Site "Online"]
[Date "2021.02.20"]
[Round "6.54"]
[White "Feito Cabrero, Andres"]
[Black "Erigaisi Arjun"]
[Result "1-0"]
[WhiteElo "1633"]
[BlackElo "2559"]
[Annotator "ChessBase"]
[PlyCount "75"]
[EventDate "2021.02.19"]
[EventType "team-tourn"]
[EventCountry "NET"]
[SourceTitle "playchess.com"]
[Source "ChessBase"]
[SourceQuality "1"]

1. e4 e5 2. Nf3 d6 3. d4 Nc6 4. Bb5 Bd7 5. Nc3 a6 6. Bxc6 Bxc6 7. dxe5 Qd7 8. O-O O-O-O 9. exd6 Bxd6 10. Qe2 f6 11. Rd1 g5 12. Qe3 h5 13. Qa7 b6 14. Qxa6+ Bb7 15. Qd3 h4 16. Nd5 g4 17. Nd4 g3 18. fxg3 hxg3 19. h3 Bc5 20. b4 Bxd4+ 21. Qxd4 c5 22. Nxb6+ Kc7 23. Qxd7+ Rxd7 24. Rxd7+ Kc6 25. bxc5 Ba6 26. Rd8 Kxc5 27. Nd7+ Kc6 28. Nxf6 Kc7 29. Rxg8 Rh6 30. Bxh6 Kd6 31. Bf4+ Ke6 32. Nd5 Bc4 33. Rb1 Bxa2 34. Rb6+ Kd7 35. Rg7+ Kc8 36. Rh6 Bxd5 37. Rh8+ Bg8 38. Rhxg8# 1-0